000 00546nam a22001577a 4500
003 NUST
082 _a200
100 _aArif, Hannan
_9125533
245 _aCross-platform Integration in Legacy Mobile Apps for Code Reuse and Reduced Development Efforts/
_cHannan Arif,
264 _aIslamabad;
_bSEECS NUST;
_c2024.
300 _a76,p;
_bill;
_c30,cm.
650 _aMS- Computer Science
_926780
700 _aSupervisor: Dr. Hafiz Syed Muhammad Bilal
_9118462
856 _uhttp://10.250.8.41:8080/xmlui/handle/123456789/45990
942 _2ddc
_cSC
999 _c611277
_d611277